All Ecuador's Premier League Players Ever - Statistics

General Stats
  • This quiz has been taken 33 times
  • The average score is 6 of 14
Answer Stats
# Year Team(s) Player % Correct
325 2006–19 Wigan Athletic, Manchester United Antonio Valencia
97%
75 2014–17 West Ham, Everton Enner Valencia
97%
118 2021– Brighton, Chelsea Moisés Caicedo
94%
27 2007–09 Manchester City Felipe Caicedo
90%
84 2022– Brighton Pervis Estupiñán
84%
15 2021–23, 2024–25 Brighton Jeremy Sarmiento
58%
66 2014–17 Swansea City Jefferson Montero
26%
17 2015–16 Watford Juan Carlos Paredes
23%
104 2002–08 Aston Villa, Reading Ulises de la Cruz
19%
17 2008–10 Everton, Wolves Segundo Castillo
16%
4 2004–05 Crystal Palace Iván Kaviedes
13%
11 2001–04 Southampton Agustin Delgado
10%
30 2009–10 Birmingham City Christian Benitez
10%
7 2009–10 Burnley Fernando Guerrero
3%
No matching quizzes found
Score Distribution
Percent of People with Each Score
Percentile by Number Answered
Your Score History
You have not taken this quiz